Integrated Assessment of Climate, Land, Energy and Water (Record no. 588116)
[ view plain ]
| 000 -LEADER | |
|---|---|
| fixed length control field | 00433nam a2200157 4500 |
| 003 - CONTROL NUMBER IDENTIFIER | |
| control field | NUST |
| 005 - DATE AND TIME OF LATEST TRANSACTION | |
| control field | 20220222120918.0 |
| 008 - FIXED-LENGTH DATA ELEMENTS--GENERAL INFORMATION | |
| fixed length control field | 220222b ||||| |||| 00| 0 eng d |
| 038 ## - RECORD CONTENT LICENSOR | |
| Staff Name | SAIF |
| 082 ## - DEWEY DECIMAL CLASSIFICATION NUMBER | |
| Edition number | 551.1 IAE |
| Classification number | IAE |
| 100 ## - MAIN ENTRY--PERSONAL NAME | |
| Relator code | International Atomic Energy Agency |
| Dates associated with a name | 2020 |
| 9 (RLIN) | 89348 |
| 245 ## - TITLE STATEMENT | |
| Title | Integrated Assessment of Climate, Land, Energy and Water |
| Remainder of title | IAE |
| 260 ## - PUBLICATION, DISTRIBUTION, ETC. | |
| Linkage | IAE |
| Place of publication, distribution, etc. | VIENNA |
| Name of publisher, distributor, etc. | IAE |
| Date of publication, distribution, etc. | 2020 |
| 563 ## - BINDING INFORMATION | |
| Binding note | H.B |
| 942 ## - ADDED ENTRY ELEMENTS (KOHA) | |
| Source of classification or shelving scheme | |
| Koha item type | Book |
| Withdrawn status | Lost status | Source of classification or shelving scheme | Damaged status | Not for loan | Permanent Location | Current Location | Date acquired | Full call number | Barcode | Date last seen | Price effective from | Koha item type |
|---|---|---|---|---|---|---|---|---|---|---|---|---|
| School of Civil and Environmental Engineering (SCEE) | School of Civil and Environmental Engineering (SCEE) | 02/22/2022 | 551 IAE | NIT-13523 | 02/22/2022 | 02/22/2022 | Book |
